"Do Not Travel" Countries For U.S. Citizens - Sudden Death - Statistics

General Stats
  • This quiz has been taken 66 times
  • The average score is 15 of 21
Answers on the Grid
Answers color-coded by a green-red scale on the quiz's grid according to % correct below.
Afghanistan
Algeria
Angola
Armenia
Belarus
Belize
Bhutan
Bulgaria
Burkina Faso
Central African Republic
Cyprus
Democratic Republic of the Congo
Djibouti
Federated States of Micronesia
Guyana
Haiti
Iran
Iraq
Ivory Coast
Kosovo
Lebanon
Libya
Mali
Moldova
Myanmar
North Korea
Oman
Pakistan
Qatar
Russia
Solomon Islands
Somalia
South Sudan
Sudan
Taiwan
Turkmenistan
Ukraine
Venezuela
Yemen
Vanautu
 
Answer Stats
Answer % Correct
Afghanistan
97%
Iraq
90%
Iran
88%
North Korea
84%
Russia
83%
Sudan
81%
Yemen
81%
Central African Republic
79%
Haiti
78%
Ukraine
78%
South Sudan
76%
Democratic Republic of the Congo
74%
Libya
72%
Somalia
72%
Belarus
69%
Myanmar
69%
Venezuela
64%
Burkina Faso
62%
Mali
57%
Lebanon
48%
Pakistan
40%
No matching quizzes found
Score Distribution
Percent of People with Each Score
Percentile by Number Answered
Your Score History
You have not taken this quiz